| 000 | 00921cab a2200253 4500 | ||
|---|---|---|---|
| 001 | ABS49237 | ||
| 008 | 090401t1993 xxu||||| |||| 00| 0 eng d | ||
| 035 | _a(Sirsi) u70460 | ||
| 041 | _aeng | ||
| 100 | _aHill, B. | ||
| 245 | _aValuation tribunals - the new procedures | ||
| 260 | _c1993 | ||
| 350 | _a0 | ||
| 490 |
_aEstates Gazette _v(9331) 7 August 1993, 67-68(2) |
||
| 520 | _aDescribes the changes that have been made to the system for non-domestic rating appeals by the Non-Domestic Rating (Alteration of Lists and Appeal) Regulations 1993 (SI 1993:291) and gives advice to rating valuers appearing before the tribunals. | ||
| 650 | _aNON-DOMESTIC RATING (ALTERATION OF LISTS AND APPEALS) REGULATIONS 1993 | ||
| 650 | _aRATING APPEALS | ||
| 650 | _aRATING VALUERS | ||
| 650 | _aVALUATION TRIBUNALS | ||
| 650 | _aVALUATIONS | ||
| 690 | _aRATING AND VALUATION | ||
| 942 | _n0 | ||
| 948 | _c04/03/1997 | ||
| 999 |
_c44314 _d44314 |
||